书目信息 |
| 题名: |
广告真不简单
|
|
| 作者: | 纪文凤 著 | |
| 分册: | ||
| 出版信息: | 香港 博益出版集团有限公司 1984.7 |
|
| 页数: | 140页 | |
| 开本: | 9*16cm | |
| 丛书名: | ||
| 单 册: | ||
| 中图分类: | F76 | |
| 科图分类: | ||
| 主题词: | 商品学 | |
| 电子资源: | ||
| ISBN: | ||
| 000 | 00516nam0 2200193 45 | |
| 001 | 0404291685 | |
| 005 | 20040429164641.1 | |
| 010 | @dCNY0.76 | |
| 100 | @a20040429d1984 km y0chiy0120 ea | |
| 101 | 0 | @achi |
| 105 | @a z 000yy | |
| 200 | 1 | @a广告真不简单@AGuang Gao Zhen Bu Jian Dan@f纪文凤著@FJi Wen Feng Zhu |
| 210 | @a香港@c博益出版集团有限公司@d1984.7 | |
| 215 | @a140页@d9*16cm | |
| 606 | 0 | @a商品学 |
| 690 | @aF76@v3 | |
| 701 | 0 | @a纪文凤@4著 |
| 801 | @aCN@bPftUser@c20040429 | |
| 905 | @f1@b212909@dF76@e12 | |
| 广告真不简单/纪文凤著.-香港:博益出版集团有限公司,1984.7 |
| 140页;9*16cm |
| ISBN :CNY0.76 |
| ● |
| 相关链接 |
|
|
|
|
正题名:广告真不简单
索取号:F76/12
 
预约/预借
| 序号 | 登录号 | 条形码 | 馆藏地/架位号 | 状态 | 备注 |
| 1 | 0212908 | 000489830 | 第一借阅区/ [索取号:F76/12] | 在馆 | |
| 2 | 0212909 | 000489821 | 密集书库/ [索取号:F76/12] | 在馆 | |
| 3 | 0212910 | 000489849 | 第一样本阅览室/ [索取号:F76/12] | 在馆 |